Megalapoznak a szegedi gyógyszeriparnak
Elmentve itt :
| Dokumentumtípus: | Cikk |
|---|---|
| Megjelent: |
2010-12-16
|
| Sorozat: | Délmagyarország
100 No. 292 |
| Kulcsszavak: | Együttműködés, Goodwill Biotechnológiai Klaszter |
| Online Access: | http://dmarchiv.bibl.u-szeged.hu/129297 |
| LEADER | 00451nab a2200145 i 4500 | ||
|---|---|---|---|
| 001 | delm129297 | ||
| 005 | 20200203092450.0 | ||
| 008 | 200203s2010 hu o 0|| hun d | ||
| 040 | |a SZTE Délmagyarország Archívum |b hun | ||
| 041 | |a hun | ||
| 245 | 0 | 0 | |a Megalapoznak a szegedi gyógyszeriparnak |h [elektronikus dokumentum] |
| 260 | |c 2010-12-16 | ||
| 300 | |a 5 | ||
| 490 | 0 | |a Délmagyarország |v 100 No. 292 | |
| 695 | |a Együttműködés, Goodwill Biotechnológiai Klaszter | ||